000 01058nam a2200301 a 4500
005 20200104041526.0
008 140303b1999 py ||||| |||| 00| 0 spa d
040 _aCO-BoIAVH
_cCO-BoIAVH
041 _aspa
044 _apy
082 0 4 _a333.7516
_bC35p
100 1 _aCatalán Labarías, Rodrigo
245 1 _aPueblo Mapuche, bosque nativo y plantaciones forestales
_blas causas subyacentes de la deforestación en el sur de Chile
260 _aAsunción
_bUniversidad Católica de Temuco
_bCDS
_bCET
_bCONADI
_c1999
300 _a81 paginas. :
_bilustraciones. ;
_c26 x 19 cm
650 4 _aPlantaciones forestales
650 4 _aDeforestación
650 4 _aChile
650 6 _aBosques
650 4 _aBiodiversidad
650 4 _aEspecies endémicas
650 4 _aFunciones ecosistémicas
650 4 _aDegradación ambiental
650 4 _aFragmentación de bosques
700 1 _aRamos Antiqueo, Ruperto
700 1 _aNass Alvarez, Juan Luis
942 _cLIBRO
_2ddc
999 _c1953
_d1953